000 01877nam a22005297a 4500
001 000025357
003 CHAP
005 20220329134707.0
008 971013s1982 sp a |r| |||0|||spa d
010 _a24311
011 _a25283
035 _a29383
040 _cCHAP
082 0 4 _a510
_bN39 1982
100 1 _aNegro, Adolfo
_9134590
245 1 0 _aIniciación al mundo científico, matemáticas /
_cpor Adolfo Negro y Valeriano Zorio Blanco.
250 _a3 ed.
260 _aMadrid :
_bAlhambra,
_c1982.
300 _a2v. :
_bil.
490 1 _aProyecto MT-62 Alhambra
505 0 _av.1 Fundamentos - Álgebra básica - Anexos. -- v.2 Análisis básico - Álgebra lineal - Geometría.
590 _aBATCH-UPD
_b10
_c20130110
_lUCH01
_h1018
590 _aBATCH-UPD
_b10
_c20130410
_lUCH01
_h0624
590 _aBATCH-UPD
_b10
_c20130914
_lUCH01
_h0633
590 _aCONVERSION
_b10
_c20130109
_lUCH01
_h1314
590 _aE11695DGD
_b10
_c20180305
_lUCH01
_h0912
590 _aE11695DGD
_b10
_c20180305
_lUCH01
_h1341
590 _aE6096MTM
_b05
_c20180201
_lUCH01
_h1457
590 _aE6096MTM
_b05
_c20180206
_lUCH01
_h1228
590 _aE6096MTM
_b05
_c20180206
_lUCH01
_h1237
590 _aE6096MTM
_b05
_c20180206
_lUCH01
_h1239
590 _aE6096MTM
_b05
_c20180206
_lUCH01
_h1240
590 _aE6096MTM
_b05
_c20180206
_lUCH01
_h1245
590 _aE6096MTM
_b05
_c20180206
_lUCH01
_h1245
590 _aE6096MTM
_b05
_c20180206
_lUCH01
_h1312
590 _aE6096MTM
_b05
_c20180208
_lUCH01
_h1158
590 _aE6096MTM
_b05
_c20180208
_lUCH01
_h1438
590 _aE6096MTM
_b05
_c20180208
_lUCH01
_h1450
590 _aE6096MTM
_b05
_c20180302
_lUCH01
_h1217
590 _aE6096MTM
_b05
_c20180302
_lUCH01
_h1217
650 1 4 _aMatemáticas.
_972901
700 1 _aZorio Blanco, Valeriano
_9134591
830 0 _aProyecto MT-62 Alhambra
_9134597
901 _aBK
942 _cLIBRO
942 _n0
999 _c24311
_d24311